000 00982nas a2200337 4500
001 BR2012001962
003 BR-BrBNA
005 20231205120353.0
007 ta
008 230509b bl.|||p| |||| 00| 00por d
040 _aBR-BrBNA
_bpor
_cBiblioteca Nacional de Agricultura
041 _a(Pt)
072 _aL73
100 1 _aSilva, L.H.Q. da
100 1 _aFerrari, C.I.L.
100 1 _aPeixoto, Z.M.P.
100 1 _aCunha, E.M.S.
100 1 _aConzales, C.M.
245 1 _aDiagnóstico laboratórial da raiva na região de Araçatuba no período de janeiro/1993 a dezembro/1995
650 _aRAIVA
650 _aCÃO
650 _aBOVINO
650 _aDIAGNÓSTICO
650 _aLABORATÓRIO
650 _aEPIDEMIOLOGIA
650 _aDOENÇA ANIMAL
650 _aDADOS ESTATÍSTICOS
773 0 _tO Biológico (Brazil)
_xISSN 0366-0567
_g(Jul-Dec 1996), v. 58(2) p. 7-12
_wBR2012001962
909 _a202311
_bLúcia
_c55
_dLúcia Elande
942 _2AGRIS
_n0
_cANA
999 _c218171
_d218171